<La> protection de l'environnement Une responsabilité partagée

Salvato in:
Dettagli Bibliografici
Natura: Libro
Lingua:francese
Pubblicazione: Luxembourg Office des publications officielles des Communautés européennes 1996
Edizione:1. éd.
Serie:<L'> Europe en mouvement
Tags: Aggiungi Tag
Nessun Tag, puoi essere il primo ad aggiungerne!!

MARC

LEADER 00000nam a2200000 4500
001 c018545
005 20260120095627.9
020 |a 92-827-7736-7 
041 0 |a fre 
044 |a LU 
245 1 0 |a <La> protection de l'environnement  |b Une responsabilité partagée 
250 |a 1. éd. 
264 1 |a Luxembourg  |b Office des publications officielles des Communautés européennes  |c 1996 
300 |a 7 s. 
490 1 |a <L'> Europe en mouvement 
830 0 |a <L'> Europe en mouvement